000 00355nam a2200145Ia 4500
008 230711s9999||||xx |||||||||||||| ||und||
041 _aENG
082 _a621
_bMO-I
100 _aMohler,Duff
245 0 _aDesigning interactive web sites
250 _a1st Ed.
260 _c2000
_aNew Delhi
_bThomson Brook
650 _aComputer Engineering
942 _cBK
999 _c4084
_d4084